000 00643nam a2200229 a 4500
999 _c4493
_d4493
001 4493
003 BD-JhCC
005 20171128183559.0
008 171127s1968 pk a|||| || | 000 0 eng d
035 _a(BD-JhCC)4493
040 _aBD-JhCC
_dBD-JhCC
041 _aeng
082 _a954.03
_bPIR 1968
100 _aPirzada, Syed Sharifuddin
245 _aThe Pakistan Resolution and the Historic Lahore Session /
_cSyed Sharifuddin Pirzada
260 _aKarachi :
_bMirza Book Agency,
_c1968
300 _a67 p. :
_c22 cm
650 _aRelationships
_zIndia
_zPakistan
650 _aPolitical Science
942 _2ddc
_cBK